| 000 | 00341nam a22001337a 4500 | ||
|---|---|---|---|
| 999 |
_c14784 _d14784 |
||
| 020 | _a9788173718625 | ||
| 082 |
_a628.5 _bBHA/TE |
||
| 100 |
_aBharucha, Erach _91989 |
||
| 245 | _aTextbook of environmental studies for undergraduate courses | ||
| 250 | _a2nd | ||
| 260 |
_aHyderabad _bUniversities Press _c2013 |
||
| 300 | _a306p | ||
| 942 | _cBK | ||